000 004580000a22001810004500
003 MACL
005 20150711132313.0
008 150711b xxu||||| |||| 00| 0 eng d
040 _aMACL
_cMACL
041 _aEnglish
082 _a320/KAU
100 _akaur, Surinder
_91727
245 _aArchaeology of Babri Masjid
_bAyodhya
260 _bGenuine Publications
_c1994
_aNew Delhi
350 _a185
650 _aPolitical science
_988
942 _cBK
_k320
_2ddc
999 _c3461
_d3461